00538nam a2200157 a 450000100100000000500170001000800410002704000250006810000390009324500530013226000370018530000270022204900090024995201050025899900170036300003492120200930074004.0111021s1986 cu a 000 0 spa d aDO-SdBNPbspacBNPHU1 aCaballero Almeida, Gilberto96049114aLos monos del XXI /cGilberto Caballero Almeida. aLa Habana :bGente Nueva,c1986. a54 p. :bil. ;c24 cm. aBNPD 001050718MOaGRbGRcCTd2011-10-21iLF1l0o p34921-10r2020-06-25w2020-06-25y1ZNo se presta c34412d34412